[Event "ICS rated blitz match"]
[Site "204.178.125.65"]
[Date "2000.02.21"]
[Round "?"]
[White "HaraldLdahl"]
[Black "Hossa"]
[Result "0-1"]
[WhiteElo "2092"]
[BlackElo "2378"]
[PlyCount "48"]

1. e4 Nf6 2. e5 Nd5 3. d4 d6 4. Nf3 Bg4 5. Be2 e6 6. c4 Nb6 7. O-O d5 8. c5
N6d7 9. Ng5 Bf5 10. f4 b6 11. b4 Be7 12. a3 bxc5 13. bxc5 O-O 14. Nf3 Qc8 15.
Nc3 Nc6 16. Be3 Qb7 17. Ra2 Rfb8 18. Nd2 Nxc5 19. g4 Ne4 20. Ncxe4 Bxe4 21. f5
Qb6 22. fxe6 fxe6 23. Bf3 Bd3 24. Re1 Bh4 0-1

[Event "ICS rated blitz match"]
[Site "204.178.125.65"]
[Date "2000.02.21"]
[Round "?"]
[White "Hossa"]
[Black "gambitmaster"]
[Result "1-0"]
[WhiteElo "2383"]
[BlackElo "2569"]
[PlyCount "135"]

1. Nf3 Nf6 2. g3 e6 3. Bg2 a6 4. c4 Nc6 5. d4 Be7 6. O-O O-O 7. d5 Na5 8. Qa4
b6 9. Nc3 Bb7 10. Rd1 Qe8 11. Bg5 d6 12. Qb4 Rd8 13. Rac1 e5 14. e4 Nd7 15. Bh3
Bxg5 16. Nxg5 Qe7 17. Nf3 Nc5 18. Nh4 Qg5 19. Rc2 Bc8 20. Bxc8 Rxc8 21. h3 Nab7
22. Re2 Ra8 23. Qa3 Na5 24. b3 Rfe8 25. Qc1 Qxc1 26. Rxc1 Nab7 27. Re3 a5 28.
Ng2 Rac8 29. Nb5 Nd7 30. f3 Nbc5 31. Rec3 h5 32. Ne3 g6 33. Kg2 f6 34. Na7 Ra8
35. Nc6 Nb8 36. Kf2 Nxc6 37. dxc6 Kf7 38. Nd5 Rec8 39. a3 Ne6 40. b4 axb4 41.
Nxb4 Ra5 42. Rd1 Nd4 43. g4 Rc5 44. gxh5 gxh5 45. f4 Nb5 46. Rf3 Na7 47. fxe5
Rxe5 48. Rf4 Rc5 49. Nd5 Rxc6 50. Rxf6+ Ke8 51. Rg1 Rxc4 52. Rg8+ Kd7 53. Rf7+
Kc6 54. Rxc8 Nxc8 55. Rxc7+ Kb5 56. a4+ Rxa4 57. Nc3+ Ka5 58. Nxa4 b5 59. Rxc8
bxa4 60. Ra8+ Kb4 61. Kg3 Kb5 62. Rxa4 Kb6 63. Ra6+ Kc7 64. Kh4 Kd7 65. Rxd6+
Kc8 66. Rd7 Kxd7 67. Kxh5 Kc7 68. Kg6 1-0

[Event "ICS rated blitz match"]
[Site "204.178.125.65"]
[Date "2000.02.21"]
[Round "?"]
[White "Hossa"]
[Black "JudgeTurpin"]
[Result "0-1"]
[WhiteElo "2407"]
[BlackElo "2468"]
[PlyCount "104"]

1. d4 d5 2. Nf3 Nf6 3. c4 e6 4. Nc3 c6 5. e3 Nbd7 6. Bd3 dxc4 7. Bxc4 b5 8. Bd3
a6 9. O-O c5 10. Bd2 Bb7 11. Re1 Bd6 12. e4 cxd4 13. Nxd4 Nc5 14. Be3 b4 15. e5
Bxe5 16. Na4 Nxd3 17. Qxd3 Qd6 18. f4 Bxd4 19. Bxd4 Nh5 20. Qc4 Nxf4 21. Nc5
Qd5 22. Qxd5 Bxd5 23. g3 Nh3+ 24. Kf1 O-O 25. Re5 f6 26. Rh5 Ng5 27. h3 g6 28.
Rxg5 fxg5+ 29. Kg1 Rf3 30. Be5 Rc8 31. Nd7 Rc2 32. Rd1 Re3 33. Nf6+ Kf7 34. Ng4
Ree2 35. b3 h5 36. Rf1+ Ke8 37. Nf6+ Kd8 38. Rd1 Rg2+ 39. Kf1 Rh2 40. Bd4 Bg2+
41. Ke1 Rh1+ 42. Bg1+ Ke7 43. Ng8+ Kf7 44. Rd2 Rxg1+ 45. Kf2 Rxd2+ 46. Kxg1
Kxg8 47. h4 gxh4 48. gxh4 Bh3 49. Kh1 Rg2 50. a3 bxa3 51. b4 a2 52. b5 a1=Q#
0-1

[Event "ICS Rated blitz match"]
[Site "204.178.125.65"]
[Date "2000.02.21"]
[Round "?"]
[White "Kair"]
[Black "Hossa"]
[Result "1-0"]
[WhiteElo "2355"]
[BlackElo "2394"]
[PlyCount "77"]

1. d4 d5 2. c4 e6 3. Nc3 Nf6 4. Bg5 Nbd7 5. Nf3 h6 6. Bh4 dxc4 7. e3 g5 8. Bg3
h5 9. Bxc4 h4 10. Be5 g4 11. Bxf6 Qxf6 12. Nd2 g3 13. O-O gxh2+ 14. Kxh2 h3 15.
gxh3 Bd6+ 16. f4 Qh4 17. Qf3 Bb4 18. Rg1 Qh7 19. a3 Ba5 20. Nde4 a6 21. Rg3 Rb8
22. Rag1 b5 23. Bd3 f5 24. Ng5 Qh6 25. Qc6 Rb6 26. Qxc7 b4 27. Na4 Rb8 28. Qxa5
bxa3 29. bxa3 Rb3 30. Bc4 Rb5 31. Qc7 Rb8 32. Bxe6 Ke7 33. d5 Ra8 34. d6+ Ke8
35. Bf7+ Kf8 36. Qd8+ Kg7 37. Nh7+ Kxh7 38. Bg8+ Rxg8 39. Qxg8# 1-0

[Event "ICS rated blitz match"]
[Site "204.178.125.65"]
[Date "2000.02.21"]
[Round "?"]
[White "Hossa"]
[Black "Kair"]
[Result "0-1"]
[WhiteElo "2376"]
[BlackElo "2373"]
[PlyCount "100"]

1. c4 Nf6 2. Nf3 g6 3. g3 Bg7 4. d4 O-O 5. Bg2 d6 6. Nc3 Nbd7 7. Bg5 e5 8. dxe5
dxe5 9. O-O h6 10. Be3 c6 11. Rc1 Qe7 12. Qa4 Ng4 13. Bxa7 b6 14. h3 Ngf6 15.
Rcd1 Nc5 16. Qxc6 Rxa7 17. Qxb6 Rb7 18. Qd6 Qxd6 19. Rxd6 Nfe4 20. Rc6 Rxb2 21.
Rb1 Rc2 22. Nxe4 Nxe4 23. Ne1 Rxe2 24. Bf3 Nc3 25. Bxe2 Nxb1 26. Bf1 Nd2 27. h4
Bf5 28. c5 Nxf1 29. Kxf1 Ra8 30. a4 Rxa4 31. Rc7 Bh3+ 32. Ke2 Ra2+ 33. Kd1 Rxf2
34. Re7 Kf8 35. Rb7 e4 36. Rb4 Bg4+ 37. Kc1 Bc3 38. Rb8+ Ke7 39. c6 Bxe1 40. c7
Bd2+ 41. Kb1 e3 42. c8=Q Bxc8 43. Rxc8 e2 44. Kc2 e1=Q 45. Rc7+ Kd6 46. Kb3
Qb1+ 47. Kc4 Qb4+ 48. Kd3 Qb3+ 49. Rc3 Qxc3+ 50. Ke4 f5# 0-1

[Event "ICS rated blitz match"]
[Site "204.178.125.65"]
[Date "2000.02.21"]
[Round "?"]
[White "PostModernist"]
[Black "Hossa"]
[Result "1-0"]
[WhiteElo "2419"]
[BlackElo "2360"]
[PlyCount "143"]

1. e4 Nf6 2. e5 Nd5 3. d4 d6 4. c4 Nb6 5. f4 dxe5 6. fxe5 Nc6 7. Be3 Bf5 8. Nc3
e6 9. Be2 Na5 10. c5 Nd5 11. Nxd5 Qxd5 12. Bf3 Qd7 13. Ne2 Qb5 14. O-O O-O-O
15. Bg5 Rd7 16. Qe1 Nc6 17. a4 Qxb2 18. Bxc6 bxc6 19. Rf2 Rg8 20. Rd1 h6 21.
Bh4 Bc2 22. Nc3 Qb3 23. Rc1 Bf5 24. Rd2 Qb4 25. Bf2 Be7 26. Qe2 Qa3 27. Rdd1
Kd8 28. Be3 Ke8 29. g4 Bh7 30. Qf3 Qb2 31. Rf1 Bg5 32. Bxg5 hxg5 33. Rb1 Bxb1
34. Rxb1 Qd2 35. Rb8+ Rd8 36. Qxc6+ Ke7 37. d5 Qd4+ 38. Kh1 Qxe5 39. d6+ cxd6
40. Rb7+ Kf8 41. Qc7 Qf6 42. Kg2 d5 43. Rb8 Ke8 44. c6 Rxb8 45. Qxb8+ Qd8 46.
c7 Ke7 47. cxd8=Q+ Rxd8 48. Qxa7+ Rd7 49. Qc5+ Kf6 50. Qd4+ Kg6 51. Qd3+ Kf6
52. Ne4+ Ke7 53. Nxg5 Rc7 54. Qa3+ Ke8 55. Qb2 Rc4 56. Qxg7 Rf4 57. a5 Ke7 58.
Kg3 Rf1 59. a6 Rg1+ 60. Kh3 d4 61. Qxf7+ Kd6 62. Qxe6+ Kc5 63. Qa2 Re1 64. Qa5+
Kc6 65. Qxe1 Kb6 66. Qb4+ Kc6 67. a7 d3 68. a8=Q+ Kc7 69. Qbb7+ Kd6 70. Qa3+
Ke5 71. Qe4+ Kf6 72. Qae7# 1-0

[Event "ICS rated blitz match"]
[Site "204.178.125.65"]
[Date "2000.02.21"]
[Round "?"]
[White "Zippy"]
[Black "Hossa"]
[Result "1-0"]
[WhiteElo "2303"]
[BlackElo "2347"]
[PlyCount "127"]

1. e4 d5 2. exd5 e6 3. dxe6 Bxe6 4. d4 Nc6 5. Nf3 Qe7 6. Be2 O-O-O 7. c3 Re8 8.
Be3 Nf6 9. Bb5 Bd7 10. O-O Nd5 11. Bd2 Qe4 12. Re1 Qg4 13. Rxe8+ Bxe8 14. h3
Qg6 15. c4 Nf6 16. d5 Nd8 17. Bxe8 Nxe8 18. Qa4 Be7 19. Qxa7 Qa6 20. Qxa6 bxa6
21. Nc3 Nd6 22. Re1 Bf6 23. b3 N8b7 24. Re2 Kd7 25. Ne5+ Bxe5 26. Rxe5 Nc5 27.
g3 Re8 28. Rxe8 Kxe8 29. Be3 Nd3 30. Kf1 Nf5 31. Ke2 Nb4 32. Bc5 Nc2 33. Kd2
Na1 34. Kc1 h5 35. Kb2 Nxb3 36. axb3 Kd7 37. Kc2 a5 38. Ne4 f6 39. Kd3 Nh6 40.
Bd4 Kc8 41. Bc3 Nf7 42. Bxa5 Ne5+ 43. Ke3 Nd7 44. Kf4 g6 45. g4 hxg4 46. hxg4
Kb7 47. Bc3 Ka8 48. Bxf6 Kb7 49. Kg5 Kb8 50. Kxg6 Kb7 51. g5 Ka6 52. Kf7 Ka5
53. Bc3+ Kb6 54. g6 Kb7 55. g7 Ka7 56. g8=Q Nb6 57. Qd8 Nd7 58. Qxc7+ Ka8 59.
Qa5+ Kb8 60. Qd8+ Ka7 61. Bd4+ Nc5 62. Bxc5+ Kb7 63. Nd6+ Ka6 64. Qb6# 1-0

[Event "ICS Rated blitz match"]
[Site "204.178.125.65"]
[Date "2000.02.21"]
[Round "?"]
[White "MysticWarrior"]
[Black "Hossa"]
[Result "1-0"]
[WhiteElo "2783"]
[BlackElo "2329"]
[PlyCount "133"]

1. e4 d5 2. exd5 e6 3. Bb5+ c6 4. dxc6 bxc6 5. Ba4 Nf6 6. Nf3 Be7 7. O-O O-O 8.
d4 Ba6 9. Re1 c5 10. Nc3 Qb6 11. Ne2 Rd8 12. c3 Nc6 13. Qc2 cxd4 14. Nexd4 Nxd4
15. Nxd4 Bc5 16. Bg5 Bxd4 17. cxd4 Rac8 18. Qb3 Qxb3 19. Bxb3 Rxd4 20. Be3 Rd7
21. Rac1 Rcd8 22. Rc5 Bd3 23. Rec1 Nd5 24. Bxd5 exd5 25. Rd1 Bg6 26. Bd4 a6 27.
f3 Bf5 28. Kf2 Rb7 29. Ra5 Bc8 30. Rc1 Rb5 31. Rxb5 axb5 32. Rc5 Ba6 33. b3 h5
34. a4 bxa4 35. bxa4 Bc4 36. a5 Re8 37. Kg3 Re2 38. h3 Rd2 39. Bc3 Rc2 40. Be5
Re2 41. f4 Kh7 42. Rc7 Kg6 43. a6 Ra2 44. a7 f6 45. Bd4 h4+ 46. Kxh4 Kf5 47.
Rxg7 Ke4 48. Bxf6 Kxf4 49. Re7 Kf5 50. Bd4 Bb5 51. g3 Bc6 52. Re5+ Kg6 53. Re6+
Kf5 54. Rxc6 Ke4 55. Bc5 d4 56. Rc8 Kd5 57. Bxd4 Kxd4 58. a8=Q Rxa8 59. Rxa8
Kd5 60. g4 Kd4 61. g5 Kd3 62. g6 Ke4 63. g7 Ke3 64. g8=Q Ke2 65. Qg3 Kd1 66.
Qf2 Kc1 67. Ra1# 1-0

[Event "ICS rated bullet match"]
[Site "204.178.125.65"]
[Date "2000.02.21"]
[Round "?"]
[White "Hossa"]
[Black "mare"]
[Result "1-0"]
[WhiteElo "2337"]
[BlackElo "2165"]
[PlyCount "89"]

1. e4 c5 2. Nc3 Nc6 3. f4 g6 4. g3 Bg7 5. Bg2 e6 6. Nf3 Nge7 7. e5 d5 8. exd6
Qxd6 9. d3 b6 10. Ne4 Qd7 11. Ne5 Nxe5 12. fxe5 Rb8 13. Nd6+ Kf8 14. Qf3 Nf5
15. Nxc8 Rxc8 16. Bf4 h5 17. c3 Rd8 18. Bg5 Qxd3 19. Bxd8 Qxd8 20. Bh3 Bh6 21.
O-O Kg7 22. Bxf5 exf5 23. Rad1 Qe7 24. Rd5 Re8 25. Rf2 Qe6 26. c4 Re7 27. b3
Bg5 28. h4 Bh6 29. a3 a5 30. Qd3 Re8 31. Qf3 Re7 32. Qc3 Re8 33. Qd3 Rc8 34.
Qf3 Rc6 35. Rd8 Rc7 36. Qc3 Re7 37. Re2 f4 38. Qf3 fxg3 39. Qxg3 Qxe5 40. Rxe5
Rc7 41. Rxh5 Rc6 42. Qe5+ Rf6 43. Rxh6 Kxh6 44. Qxf6 Kh5 45. Qg5# 1-0

[Event "ICS rated blitz match"]
[Site "204.178.125.65"]
[Date "2000.02.21"]
[Round "?"]
[White "Hossa"]
[Black "QueenMaxima"]
[Result "0-1"]
[WhiteElo "2327"]
[BlackElo "2389"]
[PlyCount "106"]

1. d4 Nc6 2. e4 e5 3. d5 Nce7 4. Nf3 d6 5. Bd3 f5 6. exf5 Nf6 7. Nc3 Nfxd5 8.
Ng5 Nxc3 9. Qh5+ Kd7 10. f6 gxf6 11. Nf7 Qe8 12. Qg4+ f5 13. Bxf5+ Nxf5 14.
Qxf5+ Qe6 15. Qxe6+ Kxe6 16. Nxh8 Na4 17. h4 Bg7 18. Ng6 hxg6 19. h5 Kf7 20. h6
Bf6 21. Kd2 Bf5 22. a3 Rh8 23. Rb1 Be4 24. f3 Bc6 25. Ke2 e4 26. Rh2 Bd5 27.
fxe4 Bxe4 28. Kd1 g5 29. g4 Kg6 30. Rh3 Rxh6 31. Re3 Rh1+ 32. Kd2 Rh2+ 33. Ke1
Bxc2 34. Ra1 Nc5 35. Kf1 Bd4 36. Kg1 Re2 37. Kf1 Rxe3 38. Bxe3 Bxe3 39. Re1
Bd3+ 40. Kg2 Be4+ 41. Kh3 Bd4 42. b3 Bb2 43. a4 Be5 44. Rc1 Nd3 45. Rf1 a5 46.
b4 axb4 47. Rf8 Bf4 48. Rxf4 gxf4 49. a5 b3 50. g5 b2 51. Kg4 b1=Q 52. a6 Bf5+
53. Kf3 Qf1# 0-1

[Event "ICS rated blitz match"]
[Site "204.178.125.65"]
[Date "2000.02.21"]
[Round "?"]
[White "QueenMaxima"]
[Black "Hossa"]
[Result "0-1"]
[WhiteElo "2402"]
[BlackElo "2314"]
[PlyCount "118"]

1. c4 e5 2. Nc3 Nf6 3. d4 exd4 4. Qxd4 Nc6 5. Qd1 Bc5 6. e3 Qe7 7. Bd2 O-O 8.
Nd5 Nxd5 9. cxd5 Nb4 10. Qb3 Qe4 11. Rc1 b6 12. Qc4 Re8 13. Qxe4 Rxe4 14. Bc4
Bb7 15. Bxb4 Bxb4+ 16. Ke2 Bd6 17. f3 Re5 18. e4 f5 19. Kd3 Rae8 20. exf5 Bxd5
21. a3 Rxf5 22. Rc2 Bxc4+ 23. Rxc4 Rd5+ 24. Kc2 b5 25. Re4 Rxe4 26. fxe4 Rc5+
27. Kb1 Rg5 28. g3 Re5 29. Nf3 Rxe4 30. Re1 Rxe1+ 31. Nxe1 a5 32. Kc2 c5 33.
Nd3 c4 34. Ne1 Bc5 35. Kc3 b4+ 36. Kxc4 bxa3 37. bxa3 Bxa3 38. Nd3 Kf7 39. Kb5
Ke6 40. Kxa5 d5 41. Kb5 Bd6 42. Ne1 Be7 43. Kc6 Ke5 44. Nd3+ Ke4 45. Nf4 d4 46.
Nd5 Bf6 47. Nb6 d3 48. Nc4 Bc3 49. Kd6 d2 50. Nxd2+ Bxd2 51. Ke6 Bc3 52. Kd6
Be5+ 53. Ke6 Kf3 54. Kxe5 Kg2 55. Ke6 Kxh2 56. g4 Kg3 57. Kf5 h6 58. Ke5 Kxg4
59. Ke4 g5 0-1

[Event "ICS rated blitz match"]
[Site "204.178.125.65"]
[Date "2000.02.21"]
[Round "?"]
[White "Hossa"]
[Black "QueenMaxima"]
[Result "1/2-1/2"]
[WhiteElo "2334"]
[BlackElo "2382"]
[PlyCount "86"]

1. d4 Nf6 2. c4 g6 3. g3 Bg7 4. Nc3 d5 5. cxd5 Nxd5 6. Bg2 Be6 7. Nxd5 Bxd5 8.
e4 Bc4 9. Nf3 O-O 10. Qc2 Bb5 11. Be3 Nc6 12. O-O-O Nb4 13. Qb3 Qd6 14. d5 c5
15. a3 Qa6 16. axb4 Ba4 17. b5 Qf6 18. Qa3 Bxd1 19. Kxd1 b6 20. Kc1 Qd6 21. Qa2
Qd7 22. h4 Qxb5 23. h5 gxh5 24. Rxh5 Rad8 25. Bg5 Rfe8 26. e5 Qe2 27. d6 Bxe5
28. Qb1 Qc4+ 29. Kd1 Rxd6+ 30. Bd2 h6 31. Rxe5 Qb3+ 32. Kc1 Qc4+ 33. Qc2 Qa2
34. Qe4 Qa1+ 35. Kc2 a6 36. Rxe7 Rxe7 37. Qxe7 Qa4+ 38. Kb1 Rxd2 39. Nxd2 Qd1+
40. Ka2 Qa4+ 41. Kb1 Qd1+ 42. Ka2 Qa4+ 43. Kb1 Qd1+ 1/2-1/2

[Event "ICS rated standard match"]
[Site "204.178.125.65"]
[Date "2000.02.22"]
[Round "?"]
[White "Hossa"]
[Black "NMFESQ"]
[Result "1-0"]
[WhiteElo "2215"]
[BlackElo "1966"]
[PlyCount "101"]

1. c4 g6 2. Nc3 Bg7 3. Nf3 Nf6 4. d4 O-O 5. e4 d6 6. Bg5 h6 7. Bh4 Nc6 8. d5
Nb8 9. Be2 a5 10. O-O Nbd7 11. Rb1 Nc5 12. Nd2 g5 13. Bg3 e5 14. Qc2 Bd7 15.
Nb5 Nh7 16. f3 f5 17. Bf2 f4 18. Bxc5 dxc5 19. Qb3 Nf6 20. Nc3 b6 21. Rf2 Rf7
22. Nb5 h5 23. Qc3 Nh7 24. d6 c6 25. Nc7 Rb8 26. Rd1 Qf6 27. Nf1 Bf8 28. Qd2 g4
29. Qd3 Ng5 30. fxg4 hxg4 31. Na6 Rd8 32. Nd2 Rg7 33. Qb3 Qg6 34. Qxb6 Rc8 35.
Nxc5 Bxd6 36. Nxd7 f3 37. Qa6 Re8 38. Qxc6 Rxd7 39. Qxd7 Bc5 40. Bf1 Bxf2+ 41.
Kxf2 fxg2 42. Bxg2 Rf8+ 43. Kg3 Ne6 44. Qd6 Kg7 45. Qxe5+ Kg8 46. Rf1 Rxf1 47.
Bxf1 Ng5 48. Be2 Nf3 49. Bxf3 gxf3+ 50. Kxf3 Qg1 51. Qg3+ 1-0

[Event "ICS rated blitz match"]
[Site "204.178.125.65"]
[Date "2000.02.22"]
[Round "?"]
[White "Hossa"]
[Black "BDrag"]
[Result "0-1"]
[WhiteElo "2336"]
[BlackElo "2173"]
[PlyCount "128"]

1. d4 Nf6 2. c4 g6 3. g3 Bg7 4. Nf3 d5 5. cxd5 Nxd5 6. e4 Nb6 7. Be3 O-O 8. Nc3
Nc6 9. Be2 Bh3 10. Ng5 Qc8 11. f4 h6 12. Nxh3 Qxh3 13. Kf2 Qd7 14. d5 Na5 15.
e5 Nac4 16. Bxb6 Nxb6 17. Bg4 Qd8 18. Bf3 f6 19. e6 f5 20. Re1 Qd6 21. Rc1 Rad8
22. Nb5 Qb4 23. Qb3 Qxb3 24. axb3 Nxd5 25. Rc4 c6 26. Nxa7 Ra8 27. Nxc6 bxc6
28. Rxc6 Nf6 29. Rc7 Ra2 30. Re2 Ne4+ 31. Ke3 Re8 32. Bxe4 fxe4 33. Kxe4 Rxb2
34. Rxb2 Bxb2 35. b4 Kg7 36. b5 Kf6 37. Rc6 Rb8 38. b6 Ba3 39. h4 Bd6 40. Kd5
Rb7 41. g4 g5 42. hxg5+ hxg5 43. f5 Rb8 44. Rxd6 exd6 45. Kc6 d5 46. Kxd5 Rxb6
47. e7 Kxe7 48. Ke4 Rb5 49. Kf3 Rb4 50. Kg3 Kf6 51. Kf3 Ke5 52. f6 Kxf6 53. Kg3
Ke5 54. Kf3 Rb3+ 55. Ke2 Kf4 56. Kd2 Kxg4 57. Ke2 Kf4 58. Kd2 g4 59. Ke2 g3 60.
Kd2 g2 61. Kc2 Rf3 62. Kd2 g1=Q 63. Ke2 Qg2+ 64. Kd1 Rf1# 0-1

[Event "ICS rated standard match"]
[Site "204.178.125.65"]
[Date "2000.02.22"]
[Round "?"]
[White "JaimeK"]
[Black "Hossa"]
[Result "0-1"]
[WhiteElo "1836"]
[BlackElo "2221"]
[PlyCount "73"]

1. d4 d5 2. c4 dxc4 3. Nf3 a6 4. a4 Bg4 5. Ne5 Bh5 6. f3 e6 7. e4 Bd6 8. Nxc4
Qh4+ 9. Kd2 Bxh2 10. Be2 Nc6 11. Kc2 O-O-O 12. Be3 Qg3 13. Nc3 Qxg2 14. Qf1 Qg3
15. Rd1 Nb4+ 16. Kb3 c5 17. dxc5 Nc6 18. Nb6+ Kb8 19. Rxd8+ Nxd8 20. Qf2 Qxf2
21. Bxf2 Bxf3 22. Bxf3 Bc7 23. Rd1 Nc6 24. Rd7 Nge7 25. Bh4 Ng6 26. Bf2 Nge5
27. Rxc7 Kxc7 28. Bg3 Nd4+ 29. Kb4 Ndxf3 30. Nc4 f6 31. Nxe5 fxe5 32. Nd1 h5
33. Ne3 h4 34. Bf2 h3 35. Ng4 h2 36. Nxh2 Rxh2 37. Bg3 0-1

[Event "ICS Rated blitz match"]
[Site "204.178.125.65"]
[Date "2000.02.22"]
[Round "?"]
[White "Hossa"]
[Black "Slivovitz"]
[Result "1-0"]
[WhiteElo "2336"]
[BlackElo "2118"]
[PlyCount "63"]

1. d4 Nf6 2. c4 g6 3. Nf3 d6 4. Nc3 Bg7 5. e4 O-O 6. Bg5 h6 7. Bh4 Nbd7 8. Be2
e5 9. dxe5 dxe5 10. O-O c6 11. Qd6 Re8 12. Rad1 Qe7 13. Qc7 Nb6 14. Qxe7 Rxe7
15. Rd8+ Kh7 16. Rd6 g5 17. Bg3 Ne8 18. Rdd1 f6 19. Nd2 Be6 20. b4 Rd8 21. c5
Nc8 22. Nb3 Red7 23. Na5 Rxd1 24. Rxd1 Rxd1+ 25. Bxd1 b6 26. Nxc6 bxc5 27. bxc5
Bf8 28. Nd8 Bg8 29. Bg4 Ne7 30. Ne6 Bxe6 31. Bxe6 Nc6 32. Bd7 1-0

[Event "ICS rated blitz match"]
[Site "204.178.125.65"]
[Date "2000.02.22"]
[Round "?"]
[White "Slivovitz"]
[Black "Hossa"]
[Result "0-1"]
[WhiteElo "2111"]
[BlackElo "2343"]
[PlyCount "25"]

1. e4 g6 2. Nc3 c6 3. h4 d5 4. h5 Bg7 5. hxg6 hxg6 6. Rxh8 Bxh8 7. exd5 cxd5 8.
d4 Nc6 9. Be3 Nf6 10. Be2 Qb6 11. Na4 Qc7 12. Qd2 Ne4 13. Qc1 0-1

[Event "ICS rated blitz match"]
[Site "204.178.125.65"]
[Date "2000.02.22"]
[Round "?"]
[White "Hossa"]
[Black "Slivovitz"]
[Result "1-0"]
[WhiteElo "2350"]
[BlackElo "2104"]
[PlyCount "70"]

1. d4 Nf6 2. Nf3 d6 3. c4 g6 4. Nc3 Bg7 5. e4 O-O 6. Bg5 h6 7. Bh4 Nc6 8. d5
Nb8 9. Be2 e5 10. dxe6 Bxe6 11. Qb3 b6 12. O-O Nbd7 13. Nd4 Nc5 14. Qc2 Bd7 15.
Rad1 Re8 16. f3 a5 17. Ndb5 Bc6 18. Nd5 g5 19. Bf2 Bxb5 20. cxb5 Nxd5 21. Rxd5
Re5 22. Rd2 Qe8 23. Bd4 Re7 24. Bxg7 Kxg7 25. Qc3+ f6 26. Bc4 Qg6 27. Bd5 Rd8
28. Re2 Kh7 29. Rc1 f5 30. exf5 Qe8 31. Rxe7+ Qxe7 32. f6 Qe5 33. Qxe5 dxe5 34.
f7 Rf8 35. Re1 Nd3 1-0

[Event "ICS rated blitz match"]
[Site "204.178.125.65"]
[Date "2000.02.22"]
[Round "?"]
[White "QueenMaxima"]
[Black "Hossa"]
[Result "0-1"]
[WhiteElo "2331"]
[BlackElo "2356"]
[PlyCount "82"]

1. e4 e5 2. d4 exd4 3. f4 Nc6 4. Nf3 Bb4+ 5. Bd2 Qe7 6. Bd3 Nf6 7. O-O Bxd2 8.
Nbxd2 O-O 9. Re1 d6 10. f5 b6 11. Nb3 Bb7 12. Qd2 Rfe8 13. Rad1 a6 14. Re2 Ng4
15. h3 Nf6 16. Rde1 Nh5 17. g4 Nf6 18. Nbxd4 Nxd4 19. Nxd4 Qe5 20. Qc3 c5 21.
Nb3 Qg3+ 22. Rg2 Qxh3 23. g5 Nxe4 24. Bxe4 Qxc3 25. bxc3 Rxe4 26. Rge2 Rae8 27.
Rxe4 Rxe4 28. Kf2 Re5 29. Rxe5 dxe5 30. Nd2 f6 31. gxf6 gxf6 32. Nc4 b5 33. Nd6
Bc6 34. Ke3 h5 35. Ne4 Bxe4 36. Kxe4 Kg7 37. Ke3 c4 38. Kf3 Kh6 39. Ke4 Kg5 40.
a3 h4 41. Kf3 Kxf5 0-1

[Event "ICS rated blitz match"]
[Site "204.178.125.65"]
[Date "2000.02.22"]
[Round "?"]
[White "Hossa"]
[Black "QueenMaxima"]
[Result "1-0"]
[WhiteElo "2371"]
[BlackElo "2316"]
[PlyCount "131"]

1. d4 Nf6 2. c4 c5 3. d5 b5 4. cxb5 a6 5. bxa6 Bxa6 6. g3 g6 7. b3 Bg7 8. Bb2
O-O 9. Bg2 d6 10. Nh3 Qa5+ 11. Bc3 Qb6 12. Nd2 Qb7 13. O-O Nbd7 14. Nf4 Nb6 15.
Nb1 g5 16. Nh3 h6 17. Qd2 Nfxd5 18. Bxg7 Kxg7 19. Rd1 e6 20. e4 g4 21. Nf4 Nxf4
22. Qxf4 Nc8 23. Qxg4+ Kh7 24. Qh4 Qb4 25. Qf6 Ra7 26. Nc3 Rg8 27. Bf1 Rg6 28.
Qf3 Bxf1 29. Rxf1 Rg5 30. Qe3 Kg8 31. f4 Rg7 32. Rad1 h5 33. f5 h4 34. fxe6
fxe6 35. Rf6 hxg3 36. hxg3 Rae7 37. Qf3 Re8 38. Rf1 Ne7 39. Rxe6 Rd8 40. Rf6 c4
41. bxc4 Qxc4 42. Rf8+ Rxf8 43. Qxf8+ Kh7 44. Rf3 Qd4+ 45. Kf1 Ng6 46. Qf5 Rc7
47. Qg5 Qg7 48. Qh5+ Kg8 49. g4 Rc5 50. g5 Nf8 51. Qh6 Rxg5 52. Qxd6 Rg1+ 53.
Ke2 Rg2+ 54. Kd3 Rg1 55. Qd5+ Kh8 56. Rh3+ Nh7 57. Qd8+ Qg8 58. Qf6+ Qg7 59.
Nd5 Rg3+ 60. Rxg3 Nxf6 61. Rxg7 Kxg7 62. Nxf6 Kxf6 63. Kd4 Ke6 64. e5 Kd7 65.
Kd5 Ke7 66. a4 1-0

[Event "ICS rated blitz match"]
[Site "204.178.125.65"]
[Date "2000.02.22"]
[Round "?"]
[White "QueenMaxima"]
[Black "Hossa"]
[Result "0-1"]
[WhiteElo "2303"]
[BlackElo "2384"]
[PlyCount "74"]

1. e4 c6 2. d4 d5 3. Nc3 dxe4 4. Nxe4 Bf5 5. Ng3 Bg6 6. h4 h6 7. Nh3 e5 8. dxe5
Qxd1+ 9. Kxd1 Nd7 10. f4 O-O-O 11. Bd2 Nb6 12. f5 Bh7 13. Bd3 Be7 14. Nf4 c5
15. Ke2 c4 16. Be4 Bc5 17. e6 Nf6 18. exf7 Rd7 19. Raf1 Rxf7 20. Ne6 Bd6 21.
Bf4 Bb4 22. Bf3 Re8 23. Be3 g6 24. fxg6 Bxg6 25. Nd4 Nbd5 26. Bxd5 Nxd5 27.
Ndf5 Nxe3 28. Nxe3 Bc5 29. Rxf7 Rxe3+ 30. Kd2 Bxf7 31. Nf5 c3+ 32. bxc3 Re5 33.
Nd4 Bxa2 34. Re1 Rxe1 35. Kxe1 h5 36. g3 a5 37. Kd2 a4 0-1

[Event "ICS rated standard match"]
[Site "204.178.125.65"]
[Date "2000.02.22"]
[Round "?"]
[White "Hossa"]
[Black "DAT86"]
[Result "1-0"]
[WhiteElo "2224"]
[BlackElo "2200"]
[PlyCount "56"]

1. Nf3 e6 2. d4 d5 3. c4 Bb4+ 4. Bd2 Bxd2+ 5. Nbxd2 Nf6 6. e3 O-O 7. Be2 Nc6 8.
O-O Re8 9. Rc1 b6 10. cxd5 Ne7 11. dxe6 Bxe6 12. Bb5 Bd7 13. Bxd7 Qxd7 14. Ne5
Qe6 15. Rxc7 Qxa2 16. Qa1 Qxa1 17. Rxa1 a5 18. Ndc4 Ned5 19. Rxf7 Kh8 20. Nd6
Re6 21. Rb7 Kg8 22. Nf5 Rc8 23. Rxg7+ Kf8 24. e4 Nf4 25. Rf7+ Ke8 26. Ng7+ Kd8
27. Nxe6+ Nxe6 28. Rxf6 Nxd4 1-0

[Event "ICS rated blitz match"]
[Site "204.178.125.65"]
[Date "2000.02.22"]
[Round "?"]
[White "Hossa"]
[Black "saknight"]
[Result "1-0"]
[WhiteElo "2402"]
[BlackElo "2065"]
[PlyCount "77"]

1. e4 g6 2. d4 Bg7 3. Nc3 d6 4. Nf3 c6 5. Be3 Nf6 6. Qd2 Qa5 7. Bd3 Bg4 8.
O-O-O Nbd7 9. Bh6 Bxh6 10. Qxh6 Bxf3 11. gxf3 Qh5 12. Qe3 Qa5 13. Rd2 h5 14. f4
O-O-O 15. f3 e5 16. fxe5 dxe5 17. dxe5 Nxe5 18. Rhd1 Rhe8 19. Qf4 Nfd7 20. h4
b5 21. a3 b4 22. axb4 Qxb4 23. Ba6+ Kc7 24. Rd4 Qb6 25. Bc4 f6 26. Bf7 Re7 27.
Bxg6 Rb8 28. b3 Qc5 29. Kb2 Kc8 30. Bxh5 Rb7 31. Bg4 Nc4+ 32. Rxc4 Qxc4 33.
Qxf6 Qf7 34. Qxc6+ Kb8 35. Nd5 Qg7+ 36. Kb1 Rf7 37. Qd6+ Ka8 38. Nc7+ Rxc7 39.
Qxc7 1-0

[Event "ICS Rated blitz match"]
[Site "204.178.125.65"]
[Date "2000.02.22"]
[Round "?"]
[White "Hossa"]
[Black "Kair"]
[Result "0-1"]
[WhiteElo "2406"]
[BlackElo "2238"]
[PlyCount "170"]

1. d4 Nf6 2. Nf3 e6 3. Bg5 Be7 4. e3 O-O 5. Bd3 d5 6. O-O Nbd7 7. c4 dxc4 8.
Bxc4 Nb6 9. Bb3 Nbd5 10. Nc3 Nxc3 11. bxc3 h6 12. Bh4 Nd7 13. Bxe7 Qxe7 14. Bc2
Rd8 15. Qd3 g6 16. e4 c5 17. Qe3 Kh7 18. Qf4 cxd4 19. cxd4 b6 20. Qc7 Ba6 21.
Rfc1 Rdc8 22. Qf4 Be2 23. Qe3 Bxf3 24. Qxf3 Rc4 25. Qd1 Qd6 26. e5 Qxd4 27.
Bxg6+ Kxg6 28. Rxc4 Qxc4 29. Qxd7 Qc3 30. Rd1 Qxe5 31. a4 Qe2 32. Rf1 Qe4 33.
f3 Qe3+ 34. Kh1 Qe2 35. Kg1 f5 36. Rf2 Qe1+ 37. Rf1 Qe3+ 38. Kh1 Kf6 39. Qb7
Qd3 40. Rg1 Qd5 41. Qh7 Qd2 42. Qc7 h5 43. Qh7 Qf4 44. Re1 Qd2 45. Rg1 Qg5 46.
Qb7 Qg8 47. Re1 Qc8 48. Qh7 Qh8 49. Qb7 Qe8 50. f4 h4 51. Kg1 Qd8 52. Qc6 Qd4+
53. Kh1 Qd5 54. Qc2 Rg8 55. Qc3+ Kg6 56. Qc2 h3 57. Rd1 Rc8 58. Qe2 Qxg2+ 59.
Qxg2+ hxg2+ 60. Kxg2 Rc4 61. Kg3 Rxa4 62. Rd8 b5 63. Rg8+ Kf7 64. Rb8 b4 65. h4
Ra3+ 66. Kg2 b3 67. h5 Kg7 68. Rd8 Ra2+ 69. Kh3 b2 70. Rb8 a5 71. Rb7+ Kh6 72.
Kh4 a4 73. Rb8 a3 74. Rb6 Ra1 75. Rxe6+ Kg7 76. Rb6 b1=Q 77. Rg6+ Kf7 78. Kg5
Qg1+ 79. Kxf5 Qc5+ 80. Ke4 Re1+ 81. Kf3 Qe3+ 82. Kg4 Rg1+ 83. Kh4 Qf2+ 84. Kh3
Qf3+ 85. Rg3 Qxg3# 0-1